Logo BPK

Bibliografia Prac Pracowników

Politechniki Koszalińskiej

Co daje integracja przemysłu mleczarskiego z gospodarstwami indywidualnymi? / (Rekord nr 7403)

Szczegóły MARC
000 -ETYKIETA REKORDU
podpole kontrolne o stałej długości 00737nab a22001937a 4500
003 - IDENTYFIKATOR NUMERU KONTROLNEGO REKORDU
podpole kontrolne BPK
005 - DATA OSTATNIEJ MODYFIKACJI REKORDU
podpole kontrolne 20160229140715.0
008 - POLE O STAŁEJ DŁUGOŚCI - DANE KONTROLNE
podpole kontrolne o stałej długości 160229b1979 pl ||||| |||| 00| ||pol
040 ## - ŹRÓDŁO KATALOGOWANIA
Instytucja, która utworzyła rekord BPK
080 ## - UNIWERSALNA KLASYFIKACJA DZIESIĘTNA - UKD
UKD 637.1
100 ## - NAZWA OSOBOWA
Nazwa osobowa ŁOŚ, Kazimierz.
Lata pracy 1977 - 1982.
Instytucja Wyższa Szkoła Inżynierska w Koszalinie - Instytut Inżynierii i Środowiska,
Wydział Zakład Ogrzewnictwa i Wentylacji
245 ## - TYTUŁ/ODPOWIEDZIALNOŚĆ
Tytuł Co daje integracja przemysłu mleczarskiego z gospodarstwami indywidualnymi? /
Pozostałe elementy strefy tytułu i oznaczenia odpowiedzialności Kazimierz Łoś.
260 ## - STREFA ADRESU WYDAWNICZEGO
Data publikacji, dystrybucji/powstania dokumentu 1979.
500 ## - UWAGI OGÓLNE
Tekst uwagi Dane z kartoteki bpp.
650 #0 - HASŁO PRZEDMIOTOWE W FORMIE NAZWY OGÓLNEJ LUB JEDNOSTKOWEJ
Nazwa ogólna lub geograficzna Mleczarstwo.
650 #0 - HASŁO PRZEDMIOTOWE W FORMIE NAZWY OGÓLNEJ LUB JEDNOSTKOWEJ
Nazwa ogólna lub geograficzna Indywidualne gospodarstwo rolne.
773 ## - TYTUŁ DOKUMENTU MACIERZYSTEGO
Wyrażenie wprowadzające W :
Tytuł Wieś Współczesna. -
Informacje dotyczące relacji 1979, nr 5, s. 76-82
-- 1979, nr 6, s. 57-62
942 ## - HASŁO DODATKOWE - ELEMENTY(KOHA)
Typ dokumentu Artykuł
Schemat klasyfikacji Uniwersalna klasyfikacja dziesiętna

Brak dostępnych egzemplarzy.

© 2014 Biblioteka Politechniki Koszalińskiej :: BIBLIOGRAFIA PRAC PRACOWNIKÓW